Norway football team - Statistics

General Stats
  • This quiz has been taken 35 times
    6 since last reset
  • The average score is 13 of 26
Answer Stats
Player % Correct
Haaland
100%
Ajer
75%
Berg
75%
Berge
75%
Bobb
75%
Nusa
75%
Nyland
75%
Ødegaard
75%
Ryerson
75%
Selvik
75%
Sørloth
75%
Strand Larsen
75%
Bjørkan
50%
Falchener
50%
Hauge
50%
Heggem
50%
Bjørtuft
25%
Dønnum
25%
Østigård
25%
Pedersen
25%
Schjelderup
25%
Thorsby
25%
Thorstvedt
25%
Wolfe
25%
Horn Myhre
0%
Myhra
0%
No matching quizzes found
Score Distribution
Percent of People with Each Score
Percentile by Number Answered
Your Score History
You have not taken this quiz since the last reset